[Event "ROM-chT"]
[Site "Mamaia"]
[Date "2013.08.31"]
[Round "1.6"]
[White "Stanciu, Andreea Briana"]
[Black "Doros, Radu Marian"]
[Result "0-1"]
[WhiteElo "1779"]
[BlackElo "2307"]
[PlyCount "84"]
[EventDate "2013.08.31"]
[EventType "team-tourn"]
[EventRounds "9"]
[EventCountry "ROU"]
[SourceTitle "CBM 156 Extra"]
[Source "ChessBase"]
[SourceDate "2013.10.22"]
[SourceVersion "1"]
[SourceVersionDate "2013.10.22"]
[SourceQuality "1"]
[WhiteTeam "Otopeni"]
[BlackTeam "Timisoara Medicina"]
[WhiteTeamCountry "ROU"]
[BlackTeamCountry "ROU"]

1. e4 c5 2. Nf3 d6 3. d4 cxd4 4. Nxd4 Nf6 5. Nc3 a6 6. Bc4 e6 7. Bb3 Nbd7 8. Be3 Nc5 9. f3 b5 10. a3 Nxb3 11. Nxb3 Be7 12. Qd2 Qc7 13. 0-0-0 0-0 14. Bg5 Rd8 15. Qe3 Bb7 16. Rd3 Rac8 17. Qd2 h6 18. Bf4 e5 19. Bg3 d5 20. exd5 Nxd5 21. Qe2 f6 22. Rhd1 Nb6 23. Na5 Ba8 24. Rxd8+ Bxd8 25. Bf2 Be7 26. Rd3 b4 27. axb4 Bxb4 28. Nb3 a5 29. Nb5 Qb8 30. Kb1 a4 31. Nd2 Nd5 32. Rxd5 Bxd5 33. Qd3 Bf7 34. c3 Bf8 35. c4 Bxc4 36. Nxc4 Qxb5 37. b3 axb3 38. Nb2 Qxd3+ 39. Nxd3 Ba3 40. Be3 Rc3 41. Bc1 Rxd3 42. Bxa3 Rd2 0-1

[Event "HUN-chT2 Maroczy 1213"]
[Site "Hungary"]
[Date "2013.04.21"]
[Round "11"]
[White "Hajbok, Robert"]
[Black "Doros, Radu Marian"]
[Result "1/2-1/2"]
[WhiteElo "2299"]
[BlackElo "2317"]
[PlyCount "23"]
[EventDate "2012.09.16"]
[EventType "team-tourn"]
[EventRounds "11"]
[EventCountry "HUN"]
[SourceTitle "EXT 2014"]
[Source "ChessBase"]
[SourceDate "2013.11.20"]
[SourceVersion "1"]
[SourceVersionDate "2013.11.20"]
[SourceQuality "1"]
[WhiteTeam "Kisvarda"]
[BlackTeam "Karcag"]
[WhiteTeamCountry "HUN"]
[BlackTeamCountry "HUN"]

1. e4 c5 2. Nf3 d6 3. d4 cxd4 4. Nxd4 Nf6 5. Nc3 a6 6. Be3 e5 7. Nb3 Be6 8. f3 h5 9. Qd2 Nbd7 10. Be2 Qc7 11. 0-0 Be7 12. a4 1/2-1/2

[Event "ROM-ch U18"]
[Site "Calimanesti"]
[Date "2013.04.04"]
[Round "4"]
[White "Doros, Radu Marian"]
[Black "Malureanu, Costin George"]
[Result "1/2-1/2"]
[WhiteElo "2311"]
[BlackElo "2119"]
[PlyCount "49"]
[EventDate "2013.04.02"]
[EventType "swiss"]
[EventRounds "9"]
[EventCountry "ROU"]
[SourceTitle "CBM 153 Extra"]
[Source "ChessBase"]
[SourceDate "2013.04.22"]
[SourceVersion "1"]
[SourceVersionDate "2013.04.22"]
[SourceQuality "1"]

1. e4 c5 2. Nf3 d6 3. d4 cxd4 4. Qxd4 e5 5. Bb5+ Nd7 6. Qd3 a6 7. Bxd7+ Bxd7 8. 0-0 h6 9. c4 b5 10. Na3 Qb6 11. b3 Nf6 12. cxb5 axb5 13. Nc2 Be7 14. Nb4 Qb7 15. Re1 0-0 16. Bb2 Be6 17. Rad1 Rfd8 18. Qc2 Rac8 19. Qe2 Qb6 20. Rd3 Rc7 21. Qd1 Rdc8 22. a3 Ng4 23. Re2 Nf6 24. Re1 Ng4 25. Re2 1/2-1/2

[Event "ROM-ch U18"]
[Site "Calimanesti"]
[Date "2013.04.02"]
[Round "1"]
[White "Vrencian, Lehel"]
[Black "Doros, Radu Marian"]
[Result "0-1"]
[WhiteElo "1966"]
[BlackElo "2311"]
[PlyCount "76"]
[EventDate "2013.04.02"]
[EventType "swiss"]
[EventRounds "9"]
[EventCountry "ROU"]
[SourceTitle "CBM 153 Extra"]
[Source "ChessBase"]
[SourceDate "2013.04.22"]
[SourceVersion "1"]
[SourceVersionDate "2013.04.22"]
[SourceQuality "1"]

1. e4 c5 2. Nf3 d6 3. d4 cxd4 4. Nxd4 Nf6 5. Nc3 a6 6. Bc4 e6 7. Bb3 Nbd7 8. f4 Nc5 9. e5 Nfd7 10. exd6 Nf6 11. 0-0 Bxd6 12. f5 Nxb3 13. Nxb3 exf5 14. Bg5 h6 15. Re1+ Kf8 16. Bxf6 Qxf6 17. Qd5 Be7 18. Nd4 g6 19. Rad1 Kg7 20. Qc4 b5 21. Qc7 Bd8 22. Qf4 Qh4 23. Qf3 Rb8 24. Nd5 Bf6 25. Nc6 Rb7 26. c3 Rd7 27. g3 Qg4 28. Qf2 Bb7 29. Nxf6 Qxd1 30. Rxd1 Rxd1+ 31. Kg2 Bxc6+ 32. Kh3 Kxf6 33. b3 Rhd8 34. Qb6 R8d6 35. Qc7 R1d2 36. g4 fxg4+ 37. Kxg4 h5+ 38. Kf4 g5+ 0-1

[Event "ROM-ch"]
[Site "Baile Olanesti"]
[Date "2013.02.23"]
[Round "10"]
[White "Neagu, Mihai Cosmin"]
[Black "Doros, Radu Marian"]
[Result "0-1"]
[WhiteElo "1962"]
[BlackElo "2309"]
[PlyCount "52"]
[EventDate "2013.02.16"]
[EventType "swiss"]
[EventRounds "11"]
[EventCountry "ROU"]
[SourceTitle "CBM 153 Extra"]
[Source "ChessBase"]
[SourceDate "2013.04.22"]
[SourceVersion "1"]
[SourceVersionDate "2013.04.22"]
[SourceQuality "1"]

1. c4 e5 2. Nc3 Nc6 3. g3 Bc5 4. Bg2 a6 5. e3 d6 6. a3 Ba7 7. Nge2 Nge7 8. b4 h5 9. h3 Be6 10. Nd5 h4 11. g4 f5 12. gxf5 Bxf5 13. Nec3 Rb8 14. Be4 Be6 15. Rg1 b5 16. Rxg7 Rf8 17. Qh5+ Kd7 18. cxb5 axb5 19. Qxh4 Rh8 20. Qf6 Qf8 21. Bf5 Bxf5 22. Rf7 Bd3 23. Rxf8 Rbxf8 24. Qg7 Rhg8 25. Qxg8 Nxg8 26. Bb2 Nge7 0-1

[Event "ROM-ch"]
[Site "Baile Olanesti"]
[Date "2013.02.22"]
[Round "9"]
[White "Doros, Radu Marian"]
[Black "Veneteanu, Ion Cristian"]
[Result "0-1"]
[WhiteElo "2309"]
[BlackElo "2152"]
[PlyCount "66"]
[EventDate "2013.02.16"]
[EventType "swiss"]
[EventRounds "11"]
[EventCountry "ROU"]
[SourceTitle "CBM 153 Extra"]
[Source "ChessBase"]
[SourceDate "2013.04.22"]
[SourceVersion "1"]
[SourceVersionDate "2013.04.22"]
[SourceQuality "1"]

1. e4 c5 2. Nf3 Nc6 3. Bb5 g6 4. Bxc6 bxc6 5. 0-0 Bg7 6. c3 Nf6 7. e5 Nd5 8. d4 cxd4 9. cxd4 0-0 10. Nc3 d6 11. Re1 Bg4 12. h3 Bxf3 13. Qxf3 dxe5 14. dxe5 Rb8 15. b3 Qa5 16. Bb2 Rfd8 17. Na4 Nb4 18. Bc3 Qd5 19. Qe4 Nd3 20. Re2 Qxe4 21. Rxe4 Rd5 22. f4 g5 23. g3 h5 24. Rf1 gxf4 25. gxf4 Kh7 26. Rf3 Bh6 27. Kh2 Rg8 28. Bd4 Ne1 29. Rf1 Nd3 30. Be3 h4 31. Nc3 Rg3 32. Ne2 Rg8 33. Nd4 Nc5 0-1

[Event "ROM-ch"]
[Site "Baile Olanesti"]
[Date "2013.02.21"]
[Round "8"]
[White "Dolana, Andrei Theodor"]
[Black "Doros, Radu Marian"]
[Result "1/2-1/2"]
[WhiteElo "2199"]
[BlackElo "2309"]
[PlyCount "38"]
[EventDate "2013.02.16"]
[EventType "swiss"]
[EventRounds "11"]
[EventCountry "ROU"]
[SourceTitle "CBM 153 Extra"]
[Source "ChessBase"]
[SourceDate "2013.04.22"]
[SourceVersion "1"]
[SourceVersionDate "2013.04.22"]
[SourceQuality "1"]

1. e4 c5 2. c3 d6 3. d4 Nf6 4. Bd3 g6 5. Nf3 Bg7 6. 0-0 0-0 7. h3 Qc7 8. Bf4 Nfd7 9. d5 e5 10. dxe6 fxe6 11. Bg3 Nc6 12. Na3 Nde5 13. Nxe5 Nxe5 14. Nc4 d5 15. exd5 exd5 16. Nxe5 Bxe5 17. Bc4 dxc4 18. Qd5+ Qf7 19. Qxf7+ Kxf7 1/2-1/2

[Event "Prague op-A 12th"]
[Site "Prague"]
[Date "2013.01.12"]
[Round "4"]
[White "Baumegger, Siegfried"]
[Black "Doros, Radu Marian"]
[Result "1-0"]
[WhiteElo "2462"]
[BlackElo "2304"]
[PlyCount "51"]
[EventDate "2013.01.09"]
[EventType "swiss"]
[EventRounds "9"]
[EventCountry "CZE"]
[SourceTitle "CBM 152 Extra"]
[Source "ChessBase"]
[SourceDate "2013.02.25"]
[SourceVersion "1"]
[SourceVersionDate "2013.02.25"]
[SourceQuality "1"]

1. c4 c6 2. e4 d5 3. exd5 cxd5 4. d4 Nf6 5. Nc3 Nc6 6. Bg5 dxc4 7. d5 Ne5 8. Nf3 Bg4 9. Bxc4 Nxc4 10. Qa4+ Qd7 11. Qxc4 Bxf3 12. gxf3 h6 13. Bxf6 exf6 14. 0-0-0 Bd6 15. Rhe1+ Kf8 16. Kb1 Rc8 17. Qd3 Bxh2 18. d6 Be5 19. f4 Bxc3 20. Re7 Qc6 21. bxc3 g6 22. Rde1 Qb6+ 23. Ka1 Qc6 24. c4 Rg8 25. Qd4 Rd8 26. Rxf7+ 1-0

[Event "HUN-chT2 Maroczy 1213"]
[Site "Hungary"]
[Date "2012.10.07"]
[Round "2"]
[White "Szabo, Zsolt Jozsef"]
[Black "Doros, Radu Marian"]
[Result "1/2-1/2"]
[WhiteElo "2425"]
[BlackElo "2317"]
[PlyCount "90"]
[EventDate "2012.09.16"]
[EventType "team-tourn"]
[EventRounds "11"]
[EventCountry "HUN"]
[SourceTitle "EXT 2014"]
[Source "ChessBase"]
[SourceDate "2013.11.20"]
[SourceVersion "1"]
[SourceVersionDate "2013.11.20"]
[SourceQuality "1"]
[WhiteTeam "Vasas"]
[BlackTeam "Karcag"]
[WhiteTeamCountry "HUN"]
[BlackTeamCountry "HUN"]

1. e4 e5 2. Nf3 Nc6 3. Bb5 a6 4. Ba4 Nf6 5. 0-0 b5 6. Bb3 Bc5 7. Re1 d6 8. c3 0-0 9. h3 Bb6 10. a4 Bb7 11. d3 Ne7 12. axb5 axb5 13. Rxa8 Bxa8 14. Na3 Bc6 15. Nc2 Ng6 16. Be3 Bxe3 17. Nxe3 Bd7 18. Nf5 Bxf5 19. exf5 Ne7 20. g4 c5 21. d4 exd4 22. cxd4 c4 23. Bc2 h6 24. Kh2 Ned5 25. Rg1 Qe7 26. h4 Re8 27. g5 hxg5 28. hxg5 Nh5 29. Re1 Qd8 30. Be4 Nb4 31. Qd2 d5 32. Qxb4 Qb8+ 33. Ne5 Rxe5 34. dxe5 Qxe5+ 35. Kg1 dxe4 36. Qa3 Kh7 37. Qe3 Qxb2 38. Qxe4 Qd2 39. Re3 c3 40. f6+ g6 41. Qb7 Qd1+ 42. Kh2 Qd6+ 43. Kg1 Qd1+ 44. Kh2 Qd6+ 45. Kg1 Qd1+ 1/2-1/2

[Event "EU-ch U18"]
[Site "Prague"]
[Date "2012.08.23"]
[Round "7"]
[White "Seidl, Stepan"]
[Black "Doros, Radu Marian"]
[Result "1/2-1/2"]
[WhiteElo "2187"]
[BlackElo "2338"]
[PlyCount "99"]
[EventDate "2012.08.17"]
[EventType "swiss"]
[EventRounds "9"]
[EventCountry "CZE"]
[SourceTitle "CBM 150 Extra"]
[Source "ChessBase"]
[SourceDate "2012.10.19"]
[SourceVersion "1"]
[SourceVersionDate "2012.10.19"]
[SourceQuality "1"]

1. c4 e5 2. Nc3 Nf6 3. g3 c6 4. d4 exd4 5. Qxd4 d5 6. Bh3 Bxh3 7. Nxh3 dxc4 8. Qxc4 Bd6 9. Bg5 h6 10. Bxf6 Qxf6 11. Ne4 Qe7 12. Nxd6+ Qxd6 13. Rd1 Qe7 14. Nf4 Nd7 15. 0-0 Ne5 16. Qe4 0-0 17. Nd3 Rfe8 18. Nxe5 Qxe5 19. Qxe5 Rxe5 20. Rd2 Rae8 21. e3 Ra5 22. b3 b6 23. Rc1 Re6 24. f4 f5 25. Kf2 Kf7 26. Kf3 Ke7 27. Rcd1 Kf6 28. Rc1 Ra3 29. g4 g6 30. gxf5 gxf5 31. Rg1 c5 32. Rd7 Re7 33. Rd6+ Re6 34. Rd7 Re7 35. Rd6+ Kf7 36. Rg2 c4 37. Rxh6 cxb3 38. axb3 Rxb3 39. Rh7+ Ke8 40. Rg8+ Kd7 41. Rxe7+ Kxe7 42. Rg7+ Ke6 43. Rxa7 Rb2 44. h4 b5 45. h5 Kd5 46. Kg3 Rb1 47. Kg2 Rb2+ 48. Kg3 Rb1 49. Kg2 Rb2+ 50. Kg3 1/2-1/2